Регионална библиотека "Любен Каравелов" - Русе

Островът на съкровищата (Запис номер 76095)

MARC детайли
000 -Лидер
Контролно поле с фиксирана дължина 01499nam a2200349 c 4500
003 - Код на организацията, давaща контролен номер
Контролно поле BLK
005 - Дата и час на последна редакция
Контролно поле 20210716110046.0
008 - Елементи от данни с фиксирана дължина
fixed length control field 180408b bul|||||r ||||||| ||bul||
010 ## - Наследен системен номер
LC control number KNG00080521000
020 ## - Международен стандартен номер на книга ISBN
Международен стандартен номер на книга ISBN 954-739-366-9
-- издат.: Захарий Стоянов
040 ## - Източник на каталожния запис
Идентификатор на билиотеката - собственик на записа BLK
041 ## - Код за език
Код за езика на текст/звукозапис или на отделно заглавие Български
Код за езика КДБФ Български
080 ## - УДК
Текстов определител УДК Английска литература
УДК код - определител по УДК 821.111
УДК определител -93-31
УДК - код + определител 821.111-93-31
100 1# - Редна дума - Автор
Автор Стивънсън, Робърт Луис
Авторска отговорност първи автор
R(LIN) 261903
139 ## - Редно поле
Редна дума Стивънсън, Робърт Луис
Авторски знак Сти - С 76
245 10 - Сведения за заглавието
Заглавие Островът на съкровищата
Подзаглавни данни Роман
Редно поле (дума) Робърт Луис Стивънсън; прев. от англ. Весела Несторова; прев. на стиховете Надя Кехлибарева.
250 ## - Област на изданието
Сведения за изданието 8. изд.
257 ## - Страна на издаване
Страна на създаване/издаване Великобритания
260 ## - Област на издателските данни
-- София
Име на издателя, разпространителя и проч. Захарий Стоянов
Година на издаване 2003
Печатница София : Образование и наука
300 ## - Физическа характеристика
Страници 239 с.
Размери/Мащаб 22 см
380 ## - Жанр
Жанр Детска худож. лит.
490 1# - СЕРИИ (Колекции)
Име на серия Поредица Арго
500 ## - Общи забележки
Забележка Без сведение за ориг. загл. - 1. изд. 1960 на изд. Нар. младеж
590 ## - Забележки на библиотеката, притежаваща документа (RLIN)
Служебно ф
700 1# - Други автори (авторска отговорност)
Лично име Несторова, Весела
Автороска отговорност (Описва отношението между автора и произведението) прев. от англ.
9 (RLIN) 371848
700 1# - Други автори (авторска отговорност)
Лично име Кехлибарева, Надя
Автороска отговорност (Описва отношението между автора и произведението) прев. на стиховете
9 (RLIN) 371849
852 ## - Местоположение
Форматна сигнатура Цб 237753
856 4# - Електронен адрес и достъп
Електронен формат pdf - файл
Път до файла /url/
856 4# - Електронен адрес и достъп
Електронен формат pdf - файл
Път до файла /url/
942 ## - АРТИКУЛИ
Вид на библиотечния материал Книги
Скрит в OPAC Не
Koha issues (borrowed), all copies 5
944 ## - СЪЗДАВАНЕ И РЕДАКЦИЯ на ЗАПИСА
Създаване/Редакция Създаване
Дата на регистрацията/редакция 17.01.2008
Служител, извършил регистрацията/редакцията Геновева_Генчева
944 ## - СЪЗДАВАНЕ И РЕДАКЦИЯ на ЗАПИСА
Създаване/Редакция Редакция
Дата на регистрацията/редакция 10.07.2012
Служител, извършил регистрацията/редакцията
999 ## - СИСТЕМНИ КОНТРОЛНИ НОМЕРА
Koha biblionumber 76095
Koha biblioitemnumber 76095
Наличности
Код за отписване Код за изгубен артикул Код за повреда Коз за рестрикции Код за отдаване Артикулен № Име на библиотеката - собственик Име на библиотеката, в която се намира в момента Статус (Текущо местоположение) Дата на вписване в системата Местоположение - отдел Цена в лева Инвентарен номер Систематично азбучна сигнатура Баркод Номер на екземпляра Цена в евро Служебна бележка Служебен тип на артикула Източник на класификационната схема
  Не е изгубен Не е повреден без рестрикции ползва се в читалня 123732 Регионална библиотека "Любен Каравелов" Русе Регионална библиотека "Любен Каравелов" Русе Хранилище 2008-01-17 Хранилище 9.00 120000722222 Цб 237753 120000722222 1 4.60 Дост: Dp Вид: Д N: 39 Дата: 06.09.2007 Книги  
Изтеглен Не е изгубен Не е повреден без рестрикции заемане за дома 123733 Регионална библиотека "Любен Каравелов" Русе Регионална библиотека "Любен Каравелов" Русе Детски отдел 2012-05-30 Детски отдел 12.00 120000757950 ДХ 820/899/С 76 120000757950 2 6.14 Дост: DA Вид: А N: 8 Дата: 28.05.2012 Дата инв: 10.08.2015 Бележки инв: Д2015 Книги Universal Decimal Classification
Vip Innovations Ltd, Rousse, Bulgaria 2025